Principle of electrical emgineering materials and devices
Đã lưu trong:
| 主要作者: | |
|---|---|
| 格式: | 图书 |
| 语言: | Undetermined |
| 出版: |
Boston, MA
McGraw-Hill
2000
|
| 主题: | |
| 标签: |
添加标签
没有标签, 成为第一个标记此记录!
|
| Thư viện lưu trữ: | Trung tâm Học liệu Trường Đại học Cần Thơ |
|---|
| LEADER | 00591nam a2200205Ia 4500 | ||
|---|---|---|---|
| 001 | CTU_61423 | ||
| 008 | 210402s9999 xx 000 0 und d | ||
| 020 | |b 364000 | ||
| 082 | |a 621.3 | ||
| 082 | |b K19 | ||
| 100 | |a Kasap, S. O. | ||
| 245 | 0 | |a Principle of electrical emgineering materials and devices | |
| 245 | 0 | |c S. O. Kasap | |
| 260 | |a Boston, MA | ||
| 260 | |b McGraw-Hill | ||
| 260 | |c 2000 | ||
| 650 | |a Electric engineering,Electric apparatus and appliances | ||
| 650 | |x Materials | ||
| 904 | |i Minh, Qhieu (sửa) | ||
| 980 | |a Trung tâm Học liệu Trường Đại học Cần Thơ | ||